| 000 | 00650na a2200217 4500 | ||
|---|---|---|---|
| 001 | 13047 | ||
| 003 | MIRAKIL | ||
| 005 | 20181213154822.0 | ||
| 008 | 160831b tu 000 0 | ||
| 020 | _a9786058842304 | ||
| 035 | _a13047 | ||
| 040 |
_aMilas _btur _cTR-AnCHP |
||
| 082 |
_a320.1 _bR25ü 2010 |
||
| 090 | _a320.1 R25ü 2010 | ||
| 100 | _aRefet Ramiz | ||
| 245 |
_aÜlkeler Birliği ve Türkiye ve diğer ülkeler için sürdürülebilir siyasi yönetim sistemi temelleri _cRefet Ramiz |
||
| 260 |
_aLefkoşa _bKKTC Yayınları _c2010 |
||
| 300 |
_a420 s. _c21 sm. |
||
| 650 |
_aSiyasal bilimler _xDevlet _zTürkiye |
||
| 942 |
_2ddc _cBKS |
||
| 999 |
_c1415 _d1415 |
||